| 000 | 00480nam a22001457a 4500 | ||
|---|---|---|---|
| 082 | _aT-51 | ||
| 100 |
_aMuhammad Tahir Saleem _948388 |
||
| 245 |
_aA laboratory study to see the performance of AC mix design using fly ash and rice husk as filler instead of stone dust _cMuhammad Tahir Saleem |
||
| 260 |
_aRisalpur _bMCE, NUST |
||
| 300 |
_ap156.: _bill,; _c30 cm. |
||
| 526 |
_a0 _b0 _c0 _dT_51 |
||
| 650 |
_aThesis _934811 |
||
| 700 |
_aZafar Ahmad Malik _948389 |
||
| 942 |
_2ddc _cBK |
||
| 999 |
_c551354 _d551354 |
||